000 00297nam a2200121Ia 4500
008 190216s9999||||xx |||||||||||||| ||und||
100 _a"Gupta S L ,nisha Rani"
245 0 _aFundamentals Real Analysis
260 _bVikas Publishing House
300 _a336
650 _aMathematics
942 _cBK
999 _c32146
_d32146